| Tag |
First Indicator |
Second Indicator |
Subfields |
| LEADER |
00000nam a2200000 4500 |
| 001 |
in00004279921 |
| 005 |
20200813082729.0 |
| 006 |
m g d |
| 007 |
cr bn |||a|bb| |
| 008 |
940825s1653 enk o 00| | eng d |
| 035 |
|
|
|a (UnM)99870412
|
| 037 |
|
|
|a CL0051000009
|b ProQuest Information and Learning. 300 N. Zeeb Rd., Ann Arbor, MI 48106
|
| 040 |
|
|
|a Cu-RivES
|c Cu-RivES
|d CStRLIN
|e dcrb
|d WaOLN
|
| 245 |
0 |
2 |
|a A total rout :
|b or a brief discovery, of a pack of knaves and drabs, intituled pimps, panders, hectors, trapans, nappers, mobs, and spanners : the description of their qualities, is here set down in brief.
|
| 246 |
2 |
|
|a Brief discovery, of a pack of knaves and drabs, intituled pimps, panders, hectors, trapans, nappers, mobs, and spanners
|
| 260 |
|
|
|a London :
|b Printed for R.E.,
|c 1653.
|
| 300 |
|
|
|a 1 online resource (1 sheet ([1] pages)
|
| 336 |
|
|
|a text
|b txt
|2 rdacontent
|
| 337 |
|
|
|a computer
|b c
|2 rdamedia
|
| 338 |
|
|
|a online resource
|b cr
|2 rdacarrier
|
| 500 |
|
|
|a Verse - "You Princely Hectors of the Town,".
|
| 500 |
|
|
|a Annotation on Thomason copy: "September ye 26".
|
| 500 |
|
|
|a Reproduction of the original in the British Library.
|
| 510 |
4 |
|
|a Wing (2nd edition)
|c T1951.
|
| 510 |
4 |
|
|a Thomason
|c 669.f.17[56].
|
| 533 |
|
|
|a Electronic reproduction.
|b Ann Arbor, Mich. :
|c UMI,
|d 1999-
|f (Early English books online)
|n Digital version of: (Thomason Tracts ; 246:669f17[56])
|7 s1999 miun s
|
| 650 |
|
0 |
|a Ranters
|v Poetry
|v Early works to 1800.
|
| 830 |
|
0 |
|a Early English books online.
|
| 856 |
4 |
0 |
|u http://proxy.library.tamu.edu/login?url=https://search.proquest.com/docview/2240929451
|z Connect to the full text of this electronic book
|t 0
|
| 999 |
f |
f |
|s 9b80db85-0af6-3915-8f6b-4fd3dad1b70b
|i eb2a982c-171e-3d79-a906-58e5100f7f7f
|t 0
|
| 952 |
f |
f |
|a Texas A&M University
|b College Station
|c Electronic Resources
|d Available Online
|t 0
|h No information provided
|
| 998 |
f |
f |
|t 0
|l Available Online
|